Die urbane Welt in der slowakischen Ethnologie
| Titel: | Die urbane Welt in der slowakischen Ethnologie : Versuch eines Dialogs |
|---|---|
| Verfasser: | |
| Beteiligt: | |
| In: |
Ethnology in Slovakia at the beginning of the 21st century, (2005), Seite 210-220 alle Artikel anzeigen |
| Veröffentlicht: | 2005 |
| Format: | Aufsatz |
| Sprache: | Englisch |
X
alg: 39171192 001A $01999:11-11-16 001B $01999:15-05-21 $t21:02:42.000 001D $01999:11-11-16 001U $0utf8 001X $00 002@ $0Aox 003@ $039171192X 007A $039171192X $aHEB 007T $0Herdc0023743m 010@ $aeng 011@ $a2005 021A $aDie @urbane Welt in der slowakischen Ethnologie $dVersuch eines Dialogs 028A $aPopelková $dKatarína 028B/01 $aSalner $dPeter 031A $h210-220 $j2005 039B $aIn $8--Aaxaf--. Ethnology in Slovakia at the beginning of the 21st century. - Wien : Inst. für Europ. Ethnologie der Univ., 2005. - 229 S.. - graph. Darst.. - ISBN 3-902029-10-2 $x200500000000000790 $9180852833 045F $a370.94373 $eDDC23BSB 045F/01 $a370.9 045F/03 $g4373 lok: 39171192 78 exp: 39171192 78 1 #EPN 201B/01 $019-04-17 $t10:21:04.000 201U/01 $0utf8 203@/01 $0787806633 208@/01 $a11-11-16 $be 209A/01 $a/ $f000 $x00 220C/01 $aTitelaufnehmer: gk;sk 244Z/01 $2Trx $#Slowakische Republik $#Szlovák Köztársaság $#Republika Słowacka $#Slovenská Republika $#Slovensko $#Slowakei $#Słowacja $#Slovensko $8--Trx--Slovenská Republika $x01 $9391345796 244Z/01 $2Trx $#etnoloogia teadus $#etnologija mokslas $#ethnology $#etnológia tudomány $#etnologia nauka $#etnológia náuka $#etnologie věda $#Völkerkunde $#národopis $8--Trx--Ethnologie$gWissenschaft $x02 $9391371274 244Z/01 $2Trx $#urbaniseerumine $#urbanizacija $#urbanization $#városiasítás $#urbanizacja $#urbanizácia $#urbanizace $8--Trx--Urbanisierung $x03 $9391364197 244Z/01 $2Trx $#linnarahvastik $#miesto gyventojai $#city dwellers $#város-lakosság $#ludność miejska $#obyvateľstvo mestské $#obyvatelstvo městské $8--Trx--Stadtbevölkerung $x04 $9391353233 244Z/01 $2Trx $8--Trx--Einzelbeiträge $x05 $9391384570 245Z/01 $a11.05 $x01 247C/01 $82080>Marburg/Lahn, Herder-Institut, Forschungsbibliothek, Bibliographieportal $9336309341
| LEADER | 00000caa a22000002c 4500 | ||
|---|---|---|---|
| 001 | 39171192X | ||
| 003 | DE-603 | ||
| 005 | 20210515210242.0 | ||
| 007 | tu | ||
| 008 | 161111s2005 xx |||| | u00||u|eng c | ||
| 035 | |a (DE-599)HEB39171192X | ||
| 040 | |a DE-603 |b ger |c DE-603 |d DE-603 | ||
| 041 | |a eng | ||
| 082 | 0 | 4 | |8 1\u |a 370.94373 |q DE-101 |2 23/BSB |
| 085 | |8 1\u |b 370.9 | ||
| 085 | |8 1\u |z 2 |s 4373 | ||
| 100 | 1 | |a Popelková, Katarína | |
| 245 | 0 | 0 | |a Die urbane Welt in der slowakischen Ethnologie |b Versuch eines Dialogs |
| 264 | 0 | |c 2005 | |
| 700 | 1 | |a Salner, Peter | |
| 773 | 0 | 8 | |i In |t Ethnology in Slovakia at the beginning of the 21st century |d Wien : Inst. für Europ. Ethnologie der Univ., 2005 |h 229 S., graph. Darst. |z 3902029102 |g (2005), Seite 210-220 |w (DE-603)180852833 |
| 924 | 0 | |9 2080 |a (DE-603)787806633 |b DE-2080 |c HES |d d |g / | |


